Normal view MARC view

Entry Personal Name

Number of records used in: 1

001 - CONTROL NUMBER

  • control field: 43684

003 - CONTROL NUMBER IDENTIFIER

  • control field: OSt

005 - DATE AND TIME OF LATEST TRANSACTION

  • control field: 20240228144537.0

008 - FIXED-LENGTH DATA ELEMENTS

  • fixed length control field: 240228|| aca||aabn | a|a d

040 ## - CATALOGING SOURCE

  • Original cataloging agency: OSt
  • Transcribing agency: OSt

100 ## - HEADING--PERSONAL NAME

  • Personal name: Buchori, Imam et al

670 ## - SOURCE DATA FOUND

  • Source citation: Work cat.: (OSt)523601: Buchori, Imam et al , Urban expansion and welfare change in a medium-sized suburban city: Surakarta, Indonesia

Powered by Koha